| 000 | 00373nam a22001577a 4500 | ||
|---|---|---|---|
| 003 | MACL | ||
| 005 | 20151125154706.0 | ||
| 008 | 151125b xxu||||| |||| 00| 0 eng d | ||
| 040 | _cMACL | ||
| 041 | _aEnglish | ||
| 082 | _a920/VEN | ||
| 100 |
_aVenkatraman,K.A. _918280 |
||
| 245 | _aRasamrita Few Drops of Essence | ||
| 650 |
_aAutobiography _918281 |
||
| 942 |
_2ddc _cBK |
||
| 999 |
_c51161 _d51161 |
||